Представление документа в формате RUSMARC

ПолеНазваниеЗначение
  Тип записи a
  Библиографический уровень m
001 Контрольный номер a603cd4b29524c71bc2190d401f0934c
005 Дата корректировки 20140618151434.4
010 Индекс ISBN __
a ISBN 978-5-272-00249-5
101 Язык документа 0_
a Язык текста rus
102 Страна публикации __
a Страна публикации RU
200 Заглавие и сведения об ответственности 1_
a Заглавие Информатика для юристов и экономистов
e Сведения, относящиеся к заглавию учеб. для вузов
f Первые сведения об ответственности С. В. Симонович [и др.] ; ред. С. В. Симонович
210 Выходные данные 1_
c Издательство Питер
a Место издания СПб.
d Дата издания 2008
215 Физическое описание __
a Объем 678, [1] с.
610 Ключевые слова 0_
a Ключевые слова информатика
610 Ключевые слова 0_
a Ключевые слова информация
610 Ключевые слова 0_
a Ключевые слова вычислительная техника
610 Ключевые слова 0_
a Ключевые слова операционные системы
610 Ключевые слова 0_
a Ключевые слова компьютерные сети
610 Ключевые слова 0_
a Ключевые слова компьютерная безопасность
610 Ключевые слова 0_
a Ключевые слова интернер
610 Ключевые слова 0_
a Ключевые слова электронная почта
610 Ключевые слова 0_
a Ключевые слова информационные технологии
610 Ключевые слова 0_
a Ключевые слова электронная коммерция
610 Ключевые слова 0_
a Ключевые слова текстовой процессор
610 Ключевые слова 0_
a Ключевые слова электронные таблицы
610 Ключевые слова 0_
a Ключевые слова база данныз
610 Ключевые слова 0_
a Ключевые слова презентации
610 Ключевые слова 0_
a Ключевые слова делопроизводство
610 Ключевые слова 0_
a Ключевые слова средства автоматизации
686 Индексы других классификаций __
a Классификационный индекс 32.973.2я73
2 Код системы rubbk
701 Альтернативная интеллектуальная ответственность _1
a Фамилия Симонович
b Имя С. В.
701 Альтернативная интеллектуальная ответственность _1
a Фамилия Евсеев
b Имя Г. А.
701 Альтернативная интеллектуальная ответственность _1
a Фамилия Мураховский
b Имя В. И.
701 Альтернативная интеллектуальная ответственность _1
a Фамилия Казуто
b Имя А. Ю.
702 Вторичная интеллектуальная ответственность _1
a Фамилия Симонович
b Имя С. В.
4 Код отношения 340
801 Источник записи _0
a Страна RU
b Организация РУК
c Дата составления 20080425
g Правила каталогизации PSBO
801 Источник записи _1
a Страна RU
b Организация РУК
c Дата составления 20080425
g Правила каталогизации PSBO
852 Данные о местонахождении __
j Шифр хранения ББК 32
i Авторский знак И 74
901 Тип документа __
t Тип документа m
938 Служебная информация __
a Название организации Головной вуз
b Имя БД BOOK
c Название АИБС АИБС ИРБИС
938 Служебная информация __
a Название организации Владимирский филиал